[Event "OHRA Crown Group"]
[Site "Amsterdam"]
[Date "1985.07.15"]
[Round "1"]
[White "Miles, Anthony John"]
[Black "Timman, Jan H"]
[Result "1-0"]
[WhiteElo "2560"]
[BlackElo "2640"]
[Annotator "ChessBase"]
[PlyCount "35"]
[EventDate "1985.07.15"]
[EventType "tourn"]
[EventRounds "10"]
[EventCountry "NED"]
[EventCategory "14"]
[SourceTitle "MCL"]
[Source "ChessBase"]
[SourceDate "1999.07.01"]
[SourceVersion "1"]
[SourceVersionDate "1999.07.01"]
[SourceQuality "1"]

1. Nf3 Nf6 2. c4 c5 3. b3 d5 4. cxd5 Nxd5 5. Bb2 f6 6. Nc3 e5 7. Nxd5 Qxd5 8.
e3 Be6 9. Bc4 Qd7 10. O-O Bxc4 11. bxc4 Be7 12. d4 cxd4 13. exd4 exd4 14. Nxd4
O-O 15. Qf3 Nc6 16. Nf5 {[#]} Ne5 $2 (16... Rad8 17. Rad1 Qc7 18. Rd5 $14) (
16... Rf7 17. Rad1 Qc7 18. Rd5 Bf8 $11) 17. Bxe5 fxe5 18. Qd5+ (18. Qd5+ Qxd5
19. Nxe7+ Kf7 20. Nxd5 $18) 1-0